000 00246nam a2200097Ia 4500
008 240331s9999 xx 000 0 und d
082 _bPER
100 _aPerera, J
245 0 _aNew dimensions of social stratificationb in rural Sri Lanka
942 _cL
999 _c1961
_d1961